000 00425nam a22001817a 4500
003 MPLRDC
005 20220104143944.0
008 210129b ||||| |||| 00| 0 eng d
082 _a859.61 ZKL
100 _a不详
245 _a诸葛亮
_c
250 _a初版
260 _a
_b长青贸易公司
_c
300 _b
490 _a民间传说益智故事丛书
650 _a人物故事
942 _cBK
_o859.61 ZKL
999 _c44996
_d44986